Kashmir Saivism: (Record no. 182810)

MARC details
000 -LEADER
fixed length control field 00655 a2200193 4500
005 - DATE AND TIME OF LATEST TRANSACTION
control field 20211206172738.0
010 ## - LCCN (DPL NO)
LC control number ENG-130214
020 ## - INTERNATIONAL STANDARD BOOK NUMBER
Terms of availability 985.00
International Standard Book Number 81-935395-8-3
035 ## - SYSTEM CONTROL NUMBER
System control number EN-113746
037 ## - SOURCE OF ACQUISITION
Source of stock number/acquisition DBAD / PUB
082 ## - DEWEY DECIMAL CLASSIFICATION NUMBER
Classification number 294.551309546
100 ## - MAIN ENTRY--PERSONAL NAME
Personal name Sharma, L.N.
245 ## - TITLE STATEMENT
Title Kashmir Saivism:
Statement of responsibility, etc L.N. Sharma
250 ## - EDITION STATEMENT
Edition statement 2019
260 ## - PUBLICATION, DISTRIBUTION, ETC. (IMPRINT)
Place of publication, distribution, etc Varanasi
Name of publisher, distributor, etc The Bharatiya Vidya Prakashan
Date of publication, distribution, etc 2019
270 ## - ADDRESS
Address Shop No. 84, 85, 86 2nd Floor, Dharama Sangh Building, Opp to Durgakund Petrol Pump, Durgakund Road
City Varanasi
Postal code 221010
Electronic mail address the.bvpbooks@gmail.com
300 ## - PHYSICAL DESCRIPTION
Extent 373p.
Dimensions 21cm (hbk)
942 ## - ADDED ENTRY ELEMENTS (KOHA)
Institution code [OBSOLETE] dpl
Item type English Books
Source of classification or shelving scheme Dewey Decimal Classification
Classification part 294.551309546
Call number suffix SHA
Holdings
Withdrawn status Lost status Not for loan Collection code Home library Current library Date acquired Source of acquisition Cost, normal purchase price Full call number Barcode Copy number Cost, replacement price Koha item type
      Non-fiction Shahdara Branch Shahdara Branch 06/12/2021 DBAD/PUB 985.00 294.551309546 SHA EN-113746 1 985.00 English Books

© Delhi Public Library
Hit Counter
free hit counter